| Registos Bibliográficos associados ao registo de autoridade |
|
Etiqueta de registo: 00254nam 2200025 450 001 2281642 003 http://id.bnportugal.gov.pt/bib/catbnp/2281642 100 ## $a20260318d2025 k y0pory01030103ba 101 0# $apor$deng 102 ## $aPT 105 ## $aa m 000yy 106 ## $ar 200 1# $a A política externa enquanto instrumento catalisador do desenvolvimento nacional$e o caso de Cabo Verde$fIsabel Monteiro$gorient. Eduardo Moraes Sarmento 210 #9 $aLisboa$c[s.n.],$d2025 215 ## $aXIV, 302 f.$cil.$d30 cm 328 #1 $aTese dout. Estudos de Desenvolvimento, ISEG - Instituto Superior de Economia e Gestão,
Universidade de Lisboa, 2025 675 ## $a327(665.8)"20"(043)$vBN$zpor$31994409 700 #1 $98$aMonteiro,$bIsabel$31992877 702 #1 $aSarmento,$bEduardo Morais,$f1963-$4727$3240749 801 #0 $aPT$bBN$gRPC 966 ## $lBN$mFGMON$sS.C. 168838 V.$x1 971 ## $cssilva$d20260318 973 ## $cigoulao$d20260331 975 ## $e0$d20260409$viquintas
|
|
|